Ministères du gouvernement français - Statistiques

Statistiques générales
  • Ce quiz a été pris 16 608 fois
    10 024 depuis la dernière actualisation
  • Le résultat moyen est 8 sur 11
Statistiques - réponses
Ministre en fonction Ministère % Correct
Amélie Oudéa-Castéra Ministère de l'Éducation nationale, de la Jeunesse, des Sports et des Jeux olympiques et paralympiques
98%
Gérald Darmanin Ministère de l'Intérieur et des Outre-mer
93%
Bruno Le Maire Ministère de l'Économie, des Finances et de la Souveraineté industrielle et numérique
90%
Eric Dupont-Moretti Ministère de la Justice
87%
Rachida Dati Ministère de la Culture
83%
Catherine Vautrin Ministère du Travail, de la Santé et des Solidarités
74%
Stéphane Séjourné Ministère de l'Europe et des Affaires étrangères
68%
Marc Fesneau Ministère de l'Agriculture et de la Souveraineté alimentaire
64%
Sébastien Lecornu Ministère des Armées
62%
Christophe Béchu Ministère de la Transition écologique et de la Cohésion des territoires
58%
Sylvie Retailleau Ministère de l'Enseignement supérieur et de la Recherche
32%
Aucun quiz correspondant
Distribution des résultats
% des personnes avec chaque résultat
Percentile par nombre de réponses
Votre historique - résultats
Vous n’avez pas pris ce quiz depuis la dernière actualisation